Associa il film all'attore - Statistics

Statistiche generali
  • Questo quiz è stato fatto 380 volte
  • Il punteggio medio è 9 su 15
Statistiche sulle risposte
Hint Risposta % Corretto
Oppenheimer Cillian Murphy
82%
Kill Bill Uma Thurman
78%
Cast away Tom Hanks
74%
Seven Brad Pitt
67%
Le ali della libertà Morgan Freeman
65%
Casinò Royale Daniel Craig
63%
Povere creature Emma Stone
62%
Interstellar Anne Hathaway
59%
Il sesto senso Bruce Willis
54%
Il discorso del re Colin Firth
54%
The tourist Johnny Depp
50%
Zodiac Robert Downey jr.
46%
Attacco al potere Gerard Butler
40%
Speed Keanu Reeves
37%
Witness Harrison Ford
32%
Nessun quiz corrispondente trovato
Distribuzione punteggi
Percentuale di utenti per punteggio
Percentile per numero di risposta
I tuoi punteggi nel tempo
Non hai fatto questo quiz